[Event "II Festival Grand Hotel Adriatico A"]
[Site "Montesilvano ITA"]
[Date "2013.03.02"]
[Round "2"]
[White "Luciani, Valerio"]
[Black "Coronel, Joshua"]
[WhiteElo "2237"]
[BlackElo "1954"]
[Result "1-0"]
[PlyCount "129"]
[EventDate "2013.03.01"]

1. d4 Nf6 2. c4 g6 3. Nc3 Bg7 4. Nf3 d6 5. g3 O-O 6. Bg2 Nbd7 7. O-O e5 8. e4
c6 9. h3 exd4 10. Nxd4 Re8 11. Re1 Nc5 12. Nc2 Be6 13. Ne3 a5 14. Qc2 Qe7 15.
Bd2 Bd7 16. f3 Nh5 17. Nf1 Qe5 18. Be3 g5 19. Kh2 Ne6 20. Qf2 a4 21. Rac1 a3
22. b3 Qa5 23. Qd2 Red8 24. Red1 Be8 25. Ne2 Qxd2 26. Rxd2 Be5 27. Rcd1 b5 28.
c5 dxc5 29. Rxd8 Rxd8 30. Rxd8 Nxd8 31. Bxg5 Ne6 32. Bc1 Bb2 33. Bxb2 axb2 34.
Nc3 b4 35. Nb1 Nd4 36. Nfd2 Ne2 37. a4 bxa3 38. Nxa3 Nc3 39. Bf1 Bd7 40. Bd3
Be6 41. Kg2 Kf8 42. Bc4 Bxc4 43. bxc4 Ke7 44. f4 Ke6 45. Kf3 Nf6 46. g4 Nd7 47.
g5 Nb6 48. Kg4 b1=Q 49. Naxb1 Nxb1 50. Nxb1 Nxc4 51. Kh5 f6 52. Kh6 fxg5 53.
fxg5 Kf7 54. Kxh7 Ne5 55. h4 Ng6 56. h5 Nf8+ 57. Kh8 c4 58. Nc3 Ne6 59. g6+ Kf6
60. e5+ Kxe5 61. g7 Nxg7 62. Kxg7 Kd4 63. Na4 c3 64. Nxc3 Kxc3 65. h6 1-0

[Event "II Festival Grand Hotel Adriatico A"]
[Site "Montesilvano ITA"]
[Date "2013.03.02"]
[Round "2"]
[White "Manfroi, Andrea"]
[Black "Pescatore, Lorenzo"]
[WhiteElo "1852"]
[BlackElo "2206"]
[Result "1/2-1/2"]
[PlyCount "106"]
[EventDate "2013.03.01"]

1. e4 c5 2. Nf3 Nc6 3. d4 cxd4 4. Nxd4 g6 5. Nc3 Bg7 6. Be3 Nf6 7. Bc4 O-O 8.
O-O d6 9. h3 Bd7 10. Bb3 Rc8 11. Qd2 Qa5 12. Rad1 Rfe8 13. Rfe1 a6 14. a3 b5
15. Nxc6 Bxc6 16. Bd4 Qc7 17. Bxf6 Bxf6 18. Nd5 Bxd5 19. Qxd5 Rf8 20. c3 Qb6
21. Re3 Rc5 22. Qd3 Rfc8 23. Rf3 Kg7 24. Qe3 Qb8 25. Qd2 a5 26. Ba2 Qb6 27. Qe3
Qc7 28. Qd2 Rb8 29. Bb3 Qb6 30. Ba2 Rbc8 31. Qe3 Qb7 32. Bd5 Qb8 33. Ba2 R8c7
34. Qd2 Qa7 35. Bb3 Qb7 36. Bd5 Qb8 37. Ba2 Rc8 38. Qe3 b4 39. cxb4 axb4 40.
Qb3 e6 41. Qxb4 Qxb4 42. axb4 Rb5 43. g3 Rxb4 44. Rxd6 Rxe4 45. Rd7 Rc2 46. Rb7
Rxb2 47. Rxb2 Bxb2 48. Kg2 Re2 49. Bc4 Rd2 50. Bb3 Bd4 51. Bc4 Kf8 52. Bxe6
Rxf2+ 53. Rxf2 Bxf2 1/2-1/2

[Event "II Festival Grand Hotel Adriatico A"]
[Site "Montesilvano ITA"]
[Date "2013.03.02"]
[Round "2"]
[White "Messina, Enrico"]
[Black "Colantuono, Virginia"]
[WhiteElo "2222"]
[BlackElo "1812"]
[Result "1/2-1/2"]
[PlyCount "120"]
[EventDate "2013.03.01"]

1. e4 c5 2. d4 cxd4 3. c3 d3 4. Bxd3 Nc6 5. c4 g6 6. Nf3 Bg7 7. O-O d6 8. h3
Nf6 9. Nc3 O-O 10. Be3 Nd7 11. Rc1 Nc5 12. Bb1 Be6 13. Qe2 Qa5 14. Nd5 Bxd5 15.
exd5 Ne5 16. Nd4 Ned7 17. Rfd1 Nf6 18. a3 Qd8 19. b4 Ncd7 20. Nb3 a5 21. Nxa5
Rxa5 22. bxa5 Qxa5 23. Rd3 Ne4 24. Qe1 Qa6 25. Bd4 Nec5 26. Bxc5 Nxc5 27. Rf3
Bf6 28. Qb4 Ra8 29. Re1 Kg7 30. Bd3 Qxa3 31. Qxa3 Rxa3 32. Be2 Ra2 33. Bf1 Ra4
34. Rb1 Ra2 35. Re3 Ra4 36. g3 Ra2 37. Kg2 Kf8 38. Re2 Ra3 39. h4 Kg7 40. Ree1
Ra2 41. Re3 Kf8 42. Re2 Ra3 43. f3 Ra4 44. Rc2 Ra3 45. Be2 Kg7 46. h5 Ra4 47.
f4 Ra3 48. g4 h6 49. hxg6 fxg6 50. Rf1 Ne4 51. Bf3 Nc5 52. Be2 Ne4 53. Rf3 Ra1
54. Bd3 Nc5 55. Be2 Ne4 56. Rf1 Ra3 57. Rf3 Ra1 58. Rf1 Ra3 59. Bf3 Nc5 60. Be2
Ne4 1/2-1/2

[Event "II Festival Grand Hotel Adriatico A"]
[Site "Montesilvano ITA"]
[Date "2013.03.02"]
[Round "2"]
[White "Quimi, Marco"]
[Black "Collutiis, Duilio"]
[WhiteElo "2163"]
[BlackElo "2478"]
[Result "1-0"]
[PlyCount "125"]
[EventDate "2013.03.01"]

1. Nf3 c5 2. d3 Nc6 3. e4 g6 4. Be2 Bg7 5. O-O e5 6. c3 d6 7. Nbd2 Nge7 8. a3
O-O 9. b4 a6 10. Rb1 h6 11. Re1 b6 12. a4 Be6 13. Ba3 cxb4 14. Bxb4 Nxb4 15.
Rxb4 d5 16. Qa1 Qc7 17. Reb1 Nc8 18. c4 dxe4 19. dxe4 Rd8 20. a5 Rd6 21. axb6
Rxb6 22. Qa5 Rb7 23. Ra4 Rxb1+ 24. Nxb1 Qxa5 25. Rxa5 Nd6 26. Nfd2 Nb7 27. Ra2
a5 28. Nc3 Bf8 29. Na4 Bb4 30. Nb3 Rc8 31. Nb6 Rc6 32. Nd5 Kg7 33. Kf1 Nd6 34.
Nxa5 Bxa5 35. Rxa5 Nxe4 36. Ke1 Bxd5 37. Rxd5 Kf6 38. Ra5 Nd6 39. Ra4 Ke6 40.
Kd2 Ne4+ 41. Ke3 Nc5 42. Ra7 Rb6 43. Ra3 f5 44. g3 g5 45. Bd1 Rb4 46. Rc3 Rb2
47. Bc2 g4 48. Bd3 h5 49. Ra3 f4+ 50. gxf4 exf4+ 51. Kxf4 Rxf2+ 52. Kg5 Rf3 53.
Kxh5 Nxd3 54. Kg5 Ne5 55. Ra6+ Ke7 56. c5 Rf8 57. Rb6 Rf2 58. c6 Rxh2 59. Rb5
Ke6 60. c7 Rc2 61. Rb6+ Kd5 62. Rb5+ Kd6 63. Kf5 1-0

[Event "II Festival Grand Hotel Adriatico A"]
[Site "Montesilvano ITA"]
[Date "2013.03.02"]
[Round "2"]
[White "Stromboli, Ettore"]
[Black "Lodici, Lorenzo"]
[WhiteElo "2324"]
[BlackElo "2042"]
[Result "1-0"]
[PlyCount "81"]
[EventDate "2013.03.01"]

1. e4 c5 2. Nf3 Nc6 3. d4 cxd4 4. Nxd4 e5 5. Nb5 a6 6. Nd6+ Bxd6 7. Qxd6 Qf6 8.
Qxf6 Nxf6 9. Nc3 Nb4 10. Bd3 h6 11. O-O Nxd3 12. cxd3 b5 13. b3 Rb8 14. Bb2 d6
15. f4 exf4 16. Ne2 Nh5 17. Rac1 Bd7 18. Rc7 f6 19. Rfc1 Ke7 20. Nd4 Rbc8 21.
Nf5+ Ke6 22. d4 Rxc7 23. d5+ Kf7 24. Rxc7 Ke8 25. Nxd6+ Ke7 26. Ba3 Rb8 27. Bc5
a5 28. Ba7 Kxd6 29. Bxb8 a4 30. bxa4 bxa4 31. Rc6+ Ke7 32. Bd6+ Ke8 33. Rb6 g5
34. Rb8+ Kf7 35. Rf8+ Kg6 36. Be7 g4 37. Rd8 Bb5 38. Rb8 Bd7 39. Rb7 Be8 40. d6
Kf7 41. Bd8+ 1-0

[Event "II Festival Grand Hotel Adriatico A"]
[Site "Montesilvano ITA"]
[Date "2013.03.02"]
[Round "2"]
[White "Viviani, Alessio"]
[Black "Stromboli, Carlo"]
[WhiteElo "2093"]
[BlackElo "2336"]
[Result "1/2-1/2"]
[PlyCount "79"]
[EventDate "2013.03.01"]

1. d4 Nf6 2. c4 e6 3. Nc3 Bb4 4. Qc2 b6 5. a3 Bxc3+ 6. Qxc3 Bb7 7. Nf3 Ne4 8.
Qc2 O-O 9. g3 c5 10. Bg2 Nf6 11. dxc5 Be4 12. Qc3 bxc5 13. Bf4 Qb6 14. Rd1 d5
15. cxd5 exd5 16. O-O Re8 17. b4 Nbd7 18. bxc5 Nxc5 19. Bh3 Na4 20. Qb4 Qxb4
21. axb4 Nc3 22. Nd4 Nxd1 23. Rxd1 Re7 24. b5 Rb7 25. Rc1 h6 26. f3 Bg6 27. Kf2
Nd7 28. Rc7 Rxc7 29. Bxc7 Nb6 30. Nc6 Bc2 31. Bxb6 axb6 32. Ne7+ Kf8 33. Nxd5
Ra2 34. Ke3 Rb2 35. Bd7 Bd1 36. Nc3 Bb3 37. Bc6 Ke7 38. Kd4 Be6 39. h4 Kd6 40.
Ne4+ 1/2-1/2

[Event "II Festival Grand Hotel Adriatico A"]
[Site "Montesilvano ITA"]
[Date "2013.03.02"]
[Round "3"]
[White "Cerquitella, Luca"]
[Black "Viviani, Alessio"]
[WhiteElo "2294"]
[BlackElo "2093"]
[Result "1-0"]
[PlyCount "69"]
[EventDate "2013.03.01"]

1. e4 d6 2. d4 e6 3. Nf3 Ne7 4. Bd3 Nd7 5. Nc3 a6 6. a4 h6 7. O-O b6 8. Ne2 g6
9. Ng3 Bg7 10. Be3 Bb7 11. Qd2 c5 12. c3 d5 13. e5 c4 14. Bc2 b5 15. axb5 axb5
16. h4 Nc6 17. h5 g5 18. Nh2 Rxa1 19. Rxa1 Qb6 20. Ng4 b4 21. Rf1 bxc3 22. bxc3
f5 23. exf6 Bxf6 24. Bg6+ Kd8 25. Kh1 Na5 26. f4 Nb3 27. Qf2 Be7 28. fxg5 hxg5
29. Qf7 Qd6 30. Qg7 Rf8 31. Ne5 Rxf1+ 32. Nxf1 Nxe5 33. Qxe5 Qxe5 34. dxe5 d4
35. cxd4 1-0

[Event "II Festival Grand Hotel Adriatico A"]
[Site "Montesilvano ITA"]
[Date "2013.03.02"]
[Round "3"]
[White "Colantuono, Virginia"]
[Black "Capone, Vincenzo"]
[WhiteElo "1812"]
[BlackElo "2185"]
[Result "0-1"]
[PlyCount "82"]
[EventDate "2013.03.01"]

1. e4 c5 2. Nf3 d6 3. d4 cxd4 4. Nxd4 Nf6 5. Nc3 Nc6 6. Bc4 e5 7. Nde2 Be6 8.
Bb3 Be7 9. O-O O-O 10. Ng3 Nd4 11. Nd5 Nxd5 12. exd5 Bd7 13. c3 Nxb3 14. Qxb3
b5 15. Be3 g5 16. f3 f5 17. Bf2 Qe8 18. Rfe1 Qg6 19. a4 bxa4 20. Qb7 Qe8 21.
Bxa7 Qc8 22. Qxc8 Rfxc8 23. Bf2 Kf7 24. Nf1 Rab8 25. Re2 Rb3 26. Rc2 Rcb8 27.
Ra2 R3b7 28. Nd2 h5 29. Kf1 g4 30. Ke2 Bg5 31. h4 Bxd2 32. Kxd2 g3 33. Bg1 f4
34. Ke2 Bb5+ 35. c4 Rc8 36. Kd3 Rbc7 37. cxb5 Rxc2 38. Rxa4 Rxg2 39. Ba7 Rxb2
40. b6 Rb3+ 41. Ke4 Kf6 0-1

[Event "II Festival Grand Hotel Adriatico A"]
[Site "Montesilvano ITA"]
[Date "2013.03.02"]
[Round "3"]
[White "Collutiis, Duilio"]
[Black "Manfroi, Andrea"]
[WhiteElo "2478"]
[BlackElo "1852"]
[Result "1-0"]
[PlyCount "75"]
[EventDate "2013.03.01"]

1. e4 c5 2. Nf3 Nc6 3. Bb5 g6 4. O-O Bg7 5. c3 d6 6. h3 Bd7 7. d4 cxd4 8. cxd4
Qb6 9. Nc3 a6 10. Ba4 Qd8 11. Re1 b5 12. Bb3 Rc8 13. e5 dxe5 14. dxe5 Nh6 15.
Bf4 Be6 16. Bxe6 fxe6 17. Qb3 Qd7 18. Rad1 Na5 19. Qb4 Qc7 20. Bxh6 Bxh6 21.
Qh4 Bg7 22. Ng5 Qc6 23. Qg4 h5 24. Qxe6 Qxe6 25. Nxe6 Kf7 26. Ng5+ Kf8 27. Nd5
Bh6 28. Ne6+ Kf7 29. Ndc7 Nc4 30. b3 Nb6 31. Rd3 Na8 32. Rf3+ Kg8 33. Nxa6 Rc6
34. Nac5 Nb6 35. h4 Rc8 36. Re4 Ra8 37. Rb4 Ra5 38. a4 1-0

[Event "II Festival Grand Hotel Adriatico A"]
[Site "Montesilvano ITA"]
[Date "2013.03.02"]
[Round "3"]
[White "Difronzo, Andrea"]
[Black "Messina, Enrico"]
[WhiteElo "1919"]
[BlackElo "2222"]
[Result "0-1"]
[PlyCount "125"]
[EventDate "2013.03.01"]

1. d4 Nf6 2. Nf3 c5 3. e3 g6 4. Bd3 Bg7 5. O-O cxd4 6. exd4 O-O 7. b3 Nc6 8.
Bb2 d5 9. Ne5 Qb6 10. Nxc6 bxc6 11. a4 a5 12. Re1 Re8 13. Nd2 Bg4 14. Be2 Bxe2
15. Qxe2 Nh5 16. Qe3 Qa7 17. Nf3 Rac8 18. Ba3 Nf6 19. Bc5 Qc7 20. Qe5 Qb7 21.
Qf4 Ne4 22. Ng5 e5 23. Qh4 Nxc5 24. Qxh7+ Kf8 25. dxc5 Qe7 26. Qh4 Qxc5 27. c4
e4 28. Rac1 Qd4 29. Rcd1 Qe5 30. Qg4 Rcd8 31. f4 Qf5 32. Qh4 e3 33. Nf3 d4 34.
Rxe3 dxe3 35. Rxd8 Qb1+ 36. Ne1 Bf6 37. Rxe8+ Kxe8 38. Qg3 Qxb3 39. Qf3 Kd7 40.
f5 g5 41. Qh5 Qxc4 42. Qd1+ Qd4 43. Qxd4+ Bxd4 44. Kf1 c5 45. Ke2 Kd6 46. Nc2
Ke5 47. Na3 Kd5 48. h3 c4 49. g3 Be5 50. h4 g4 51. Kxe3 Bxg3 52. h5 Be5 53. Nc2
g3 54. Kf3 c3 55. h6 Kc4 56. Ke4 Bh8 57. Kf3 Kb3 58. Ne1 c2 59. Nxc2 Kxc2 60.
Kxg3 Kb3 61. Kf3 Kxa4 62. Ke3 Kb3 63. Kd2 0-1

[Event "II Festival Grand Hotel Adriatico A"]
[Site "Montesilvano ITA"]
[Date "2013.03.02"]
[Round "3"]
[White "Franciosi, Fausto"]
[Black "Cangiano, Federico"]
[WhiteElo "2081"]
[BlackElo "1914"]
[Result "1-0"]
[PlyCount "85"]
[EventDate "2013.03.01"]

1. d4 g6 2. c4 Bg7 3. Nf3 d6 4. g3 Nd7 5. Bg2 Ngf6 6. O-O O-O 7. Nc3 c6 8. h3
e5 9. e4 Re8 10. d5 c5 11. Be3 h6 12. Nd2 Nh5 13. Kh2 Ndf6 14. a3 a5 15. Rb1
Bd7 16. b4 b6 17. bxc5 bxc5 18. Rb7 Bc8 19. Rb1 Ba6 20. Qc2 Nh7 21. Rb3 Rb8 22.
Rfb1 Qc7 23. Qb2 Rxb3 24. Qxb3 Qd8 25. Qb6 Bc8 26. Qxd8 Rxd8 27. Rb8 Nf8 28.
Rb6 Nf6 29. Nb3 Ne8 30. Nxa5 Nd7 31. Rb1 Ba6 32. Nc6 Ra8 33. Bf1 f5 34. exf5 g5
35. Ne4 Kf7 36. a4 Bf8 37. Be2 Nc7 38. f4 gxf4 39. gxf4 Kg7 40. fxe5 dxe5 41.
Rg1+ Kh7 42. Nxe5 Nxe5 43. Nf6+ 1-0

[Event "II Festival Grand Hotel Adriatico A"]
[Site "Montesilvano ITA"]
[Date "2013.03.02"]
[Round "3"]
[White "Luciani, Valerio"]
[Black "Horvath, Csaba"]
[WhiteElo "2237"]
[BlackElo "2514"]
[Result "0-1"]
[PlyCount "30"]
[EventDate "2013.03.01"]

1. d4 Nf6 2. c4 e6 3. Nc3 Bb4 4. Qc2 O-O 5. f3 d5 6. a3 Be7 7. cxd5 exd5 8. Bg5
c5 9. e3 cxd4 10. exd4 Nc6 11. O-O-O Be6 12. Bb5 Rc8 13. Nge2 Na5 14. Kb1 Qb6
15. Ka2 Qxb5 0-1

[Event "II Festival Grand Hotel Adriatico A"]
[Site "Montesilvano ITA"]
[Date "2013.03.02"]
[Round "3"]
[White "Martorelli, Antonio"]
[Black "Stromboli, Ettore"]
[WhiteElo "2227"]
[BlackElo "2324"]
[Result "0-1"]
[PlyCount "68"]
[EventDate "2013.03.01"]

1. e4 e6 2. Qe2 Be7 3. Nf3 Nf6 4. g3 d5 5. e5 Nfd7 6. Bg2 c5 7. O-O Nc6 8. c4
dxc4 9. Na3 Qc7 10. Nxc4 b5 11. Na3 a6 12. d3 Bb7 13. Bf4 O-O 14. Nc2 Rfd8 15.
h4 Nb6 16. Ng5 h6 17. Ne4 Nxe5 18. Qh5 Nbd7 19. Rfe1 f5 20. Ng5 hxg5 21. Bxe5
Nxe5 22. Bxb7 Qxb7 23. Rxe5 gxh4 24. gxh4 Rxd3 25. Qg6 Bf6 26. Rxe6 Qf7 27.
Qxf5 Rd2 28. Qe4 Rf8 29. Re1 Bd4 30. Re2 Bxf2+ 31. Kg2 Rxe2 32. Qxe2 Bxh4 33.
Kh3 Qf2 34. Qxf2 Rxf2 0-1

[Event "II Festival Grand Hotel Adriatico A"]
[Site "Montesilvano ITA"]
[Date "2013.03.02"]
[Round "3"]
[White "Pescatore, Lorenzo"]
[Black "Pecorari, Marcello"]
[WhiteElo "2206"]
[BlackElo "2056"]
[Result "1/2-1/2"]
[PlyCount "91"]
[EventDate "2013.03.01"]

1. e4 c5 2. c3 d5 3. exd5 Qxd5 4. d4 Nc6 5. Nf3 Bg4 6. Be2 cxd4 7. cxd4 e6 8.
O-O Nf6 9. Be3 Be7 10. h3 Bh5 11. Nc3 Qa5 12. a3 Nd5 13. Nxd5 Qxd5 14. Rc1 O-O
15. b4 a6 16. Qd2 Rfd8 17. Qb2 Rac8 18. Bc4 Qf5 19. Ne5 Nxe5 20. dxe5 b5 21.
Ba2 Qe4 22. Bb6 Re8 23. Rfe1 Qb7 24. Bc5 Rcd8 25. f4 Bg6 26. Qf2 Rd3 27. Re3
Red8 28. Rxd3 Bxd3 29. Bxe7 Qxe7 30. Rd1 Be4 31. Rd4 Rxd4 32. Qxd4 Bb7 33. Kf2
g6 34. g3 Qc7 35. Qc5 Qd7 36. Qd6 Qc8 37. Qc5 Qd7 38. Qd6 Qc8 39. Bb3 Bh1 40.
g4 Qa8 41. Kg3 Qf3+ 42. Kh4 Qxb3 43. Qd8+ Kg7 44. Qf6+ Kg8 45. Qd8+ Kg7 46.
Qf6+ 1/2-1/2

[Event "II Festival Grand Hotel Adriatico A"]
[Site "Montesilvano ITA"]
[Date "2013.03.02"]
[Round "3"]
[White "Rebeggiani, Andrea"]
[Black "Napoli, Nicolo'"]
[WhiteElo "1932"]
[BlackElo "2281"]
[Result "0-1"]
[PlyCount "114"]
[EventDate "2013.03.01"]

1. d4 c5 2. d5 e5 3. e4 d6 4. Nc3 Be7 5. Bd3 Na6 6. Nf3 Rb8 7. a4 Nb4 8. Bb5+
Bd7 9. O-O Nf6 10. Nd2 O-O 11. Be2 Ne8 12. Nc4 Nc7 13. f4 f6 14. f5 Na8 15. Ne3
Qe8 16. b3 Nc7 17. Bd2 Bd8 18. g4 a5 19. Nc4 Qe7 20. Nxa5 Kh8 21. Nc4 b5 22.
axb5 Nxb5 23. Ne3 Nd4 24. Bc4 Bc7 25. Na2 g6 26. c3 Nxa2 27. Rxa2 Nb5 28. Qe2
Rg8 29. Kh1 Bd8 30. Raa1 Nc7 31. b4 cxb4 32. cxb4 Nb5 33. Nc2 gxf5 34. gxf5 Nd4
35. Nxd4 exd4 36. Rg1 Bb6 37. Bd3 Qf7 38. Qf3 Rbc8 39. Rxg8+ Rxg8 40. Rg1 Rxg1+
41. Kxg1 Qe8 42. Qg3 Qh5 43. Bf4 Ba4 44. Kg2 Bd1 45. Bxd6 Bd8 46. e5 Be2 47.
Bf8 Qf7 48. Bxe2 Qxf8 49. d6 fxe5 50. Qxe5+ Bf6 51. Qe6 Qg7+ 52. Kf2 Qg5 53.
Qe8+ Kg7 54. Bc4 Qxf5+ 55. Kg3 Be5+ 56. Kg2 Qe4+ 57. Kh3 Qf3+ 0-1

[Event "II Festival Grand Hotel Adriatico A"]
[Site "Montesilvano ITA"]
[Date "2013.03.02"]
[Round "3"]
[White "Stromboli, Carlo"]
[Black "Quimi, Marco"]
[WhiteElo "2336"]
[BlackElo "2163"]
[Result "0-1"]
[PlyCount "88"]
[EventDate "2013.03.01"]

1. e4 e5 2. d4 exd4 3. Qxd4 Nc6 4. Qe3 Nf6 5. Nc3 Bb4 6. Bd2 O-O 7. O-O-O Re8
8. Bc4 d6 9. f3 Ne5 10. Bb3 Be6 11. Nd5 Nxd5 12. Bxd5 Bxd5 13. Bxb4 Be6 14. Bc3
f6 15. g4 Qe7 16. Ne2 a5 17. Kb1 b5 18. Nf4 b4 19. Bd4 Nc4 20. Qd3 a4 21. Nd5
Bxd5 22. exd5 Qe2 23. b3 axb3 24. axb3 Na3+ 25. Kc1 Nb5 26. Rhe1 Qxd3 27. Rxe8+
Rxe8 28. Rxd3 Re1+ 29. Kb2 Re2 30. Be3 Rxh2 31. Bd2 Na3 32. Rd4 Kf8 33. Kc1
Rh1+ 34. Kb2 Rb1+ 35. Ka2 Rd1 36. Kb2 Nb1 37. Rxb4 Nxd2 38. Rb8+ Ke7 39. Rc8
Kd7 40. Rg8 g5 41. Rg7+ Kc8 42. Rxh7 Nxf3 43. Rf7 Rxd5 44. Rxf6 Nh2 0-1

[Event "II Festival Grand Hotel Adriatico A"]
[Site "Montesilvano ITA"]
[Date "2013.03.03"]
[Round "4"]
[White "Altini, Nicola"]
[Black "Paolillo, Gaia"]
[WhiteElo "2349"]
[BlackElo "1893"]
[Result "1-0"]
[PlyCount "69"]
[EventDate "2013.03.01"]

1. d4 d5 2. c4 e6 3. Nf3 Nf6 4. g3 c6 5. Bg2 Bd6 6. O-O Nbd7 7. Nc3 O-O 8. Nd2
Bc7 9. e4 Nxe4 10. Ndxe4 dxe4 11. Nxe4 f5 12. Nc3 Nf6 13. b4 Qd7 14. Bb2 Rb8
15. a4 a6 16. b5 Ba5 17. Qb3 Bxc3 18. Qxc3 axb5 19. axb5 cxb5 20. d5 Ne8 21.
dxe6 Qe7 22. Ba3 Qf6 23. Qb4 Bxe6 24. Qxf8+ Qxf8 25. Bxf8 Kxf8 26. cxb5 b6 27.
Rfc1 Ke7 28. Ra7+ Kd6 29. Rc6+ Ke5 30. Re7 Nd6 31. Rxg7 Nxb5 32. f4+ Kf6 33.
Rxh7 Re8 34. Rh6+ Kf7 35. Rhxe6 1-0

[Event "II Festival Grand Hotel Adriatico A"]
[Site "Montesilvano ITA"]
[Date "2013.03.03"]
[Round "4"]
[White "Buiano, Fabio"]
[Black "Pescatore, Lorenzo"]
[WhiteElo "2036"]
[BlackElo "2206"]
[Result "1/2-1/2"]
[PlyCount "107"]
[EventDate "2013.03.01"]

1. e4 e5 2. Nf3 Nc6 3. d4 exd4 4. Bc4 Nf6 5. e5 d5 6. Bb5 Ne4 7. Nxd4 Bd7 8.
Bxc6 bxc6 9. O-O Bc5 10. f3 Ng5 11. f4 Ne4 12. Be3 O-O 13. Nd2 Nxd2 14. Qxd2
Bb6 15. Nb3 Bf5 16. Bc5 Re8 17. a4 a5 18. Qc3 Qd7 19. Rf2 Re6 20. Re1 Rg6 21.
Nd4 Qc8 22. Re3 Qd7 23. e6 fxe6 24. Nxf5 Bxc5 25. Qxc5 exf5 26. Rfe2 Qd6 27.
Qc3 d4 28. Qb3+ Qd5 29. Qxd5+ cxd5 30. Re5 c6 31. Rxf5 Rb8 32. b3 h6 33. g3 d3
34. cxd3 Rxb3 35. Re8+ Kh7 36. Rfe5 Rf6 37. Ra8 Rxd3 38. Rxa5 Kg6 39. Ra7 Ra3
40. Ree7 Kf5 41. Kg2 g5 42. Re5+ Kg6 43. fxg5 Ra2+ 44. Kh3 hxg5 45. Kg4 Rxh2
46. Rxg5+ Kh6 47. Ra8 Kh7 48. Ra7+ Kh6 49. Ra8 Kh7 50. a5 Ra2 51. Ra7+ Kh6 52.
Rh5+ Kg6 53. Rg5+ Kh6 54. Rh5+ 1/2-1/2

[Event "II Festival Grand Hotel Adriatico A"]
[Site "Montesilvano ITA"]
[Date "2013.03.03"]
[Round "4"]
[White "Capone, Vincenzo"]
[Black "Luciani, Valerio"]
[WhiteElo "2185"]
[BlackElo "2237"]
[Result "1/2-1/2"]
[PlyCount "34"]
[EventDate "2013.03.01"]

1. d4 d5 2. c4 c6 3. Nf3 Nf6 4. e3 g6 5. Nc3 Bg7 6. Be2 O-O 7. O-O Nbd7 8. Qc2
Qc7 9. e4 e5 10. dxe5 Nxe5 11. Nxe5 Qxe5 12. cxd5 cxd5 13. exd5 Nxd5 14. Nxd5
Qxd5 15. Bf3 Qb5 16. a4 Qb4 17. Bd2 Qxb2 1/2-1/2

[Event "II Festival Grand Hotel Adriatico A"]
[Site "Montesilvano ITA"]
[Date "2013.03.03"]
[Round "4"]
[White "Franciosi, Fausto"]
[Black "Collutiis, Duilio"]
[WhiteElo "2081"]
[BlackElo "2478"]
[Result "0-1"]
[PlyCount "168"]
[EventDate "2013.03.01"]

1. d4 Nf6 2. c4 c5 3. d5 b5 4. cxb5 a6 5. b6 Qxb6 6. Nc3 d6 7. e4 g6 8. Nf3 Bg4
9. Be2 Bxf3 10. Bxf3 Nbd7 11. O-O Bg7 12. Re1 O-O 13. Qc2 Rfc8 14. Be2 Ne8 15.
Bg5 Rcb8 16. Rab1 Qd8 17. Bf1 Nc7 18. a4 Rb6 19. Nd1 Rab8 20. b3 R6b7 21. Ne3
Nb6 22. Kh1 Qf8 23. f4 e6 24. Rbd1 exd5 25. exd5 Bd4 26. Bc4 Nxc4 27. Qxc4 Rxb3
28. Nc2 Rc3 29. Qa2 Re8 30. Nxd4 cxd4 31. Bf6 Rc5 32. h3 Rxd5 33. Qc4 Rf5 34.
Bxd4 Ne6 35. Be3 d5 36. Qxa6 Nxf4 37. Bxf4 Rxe1+ 38. Rxe1 Rxf4 39. Qc6 Qb4 40.
Qe8+ Kg7 41. Qe5+ Kh6 42. Rd1 Qxa4 43. Qxd5 Rf5 44. Qd2+ Kg7 45. Qd4+ Qxd4 46.
Rxd4 g5 47. Kg1 Rb5 48. Rd2 h5 49. g3 Kf6 50. Rf2+ Rf5 51. Ra2 Re5 52. Kg2 Re4
53. Ra5 h4 54. gxh4 Rxh4 55. Kg3 Re4 56. Rb5 Kg6 57. Rb6+ Re6 58. Rb8 Re3+ 59.
Kg2 f5 60. Ra8 Kf6 61. Ra5 Rd3 62. Rb5 Ke6 63. Ra5 Rd5 64. Ra3 Ke5 65. Kf3 Rc5
66. Rd3 Rc2 67. Ra3 Kd4 68. Ra4+ Rc4 69. Ra2 Rc3+ 70. Kg2 Rd3 71. Ra8 Ke3 72.
Re8+ Kf4 73. Re2 Rg3+ 74. Kh2 Re3 75. Rf2+ Ke5 76. Kg2 f4 77. Ra2 Rg3+ 78. Kh2
Rd3 79. Kg2 Rg3+ 80. Kh2 Rd3 81. Kg2 Kd4 82. Ra8 Ke3 83. Re8+ Kd2 84. Rg8 Ke2
0-1

[Event "II Festival Grand Hotel Adriatico A"]
[Site "Montesilvano ITA"]
[Date "2013.03.03"]
[Round "4"]
[White "Horvath, Csaba"]
[Black "Quimi, Marco"]
[WhiteElo "2514"]
[BlackElo "2163"]
[Result "1-0"]
[PlyCount "79"]
[EventDate "2013.03.01"]

1. d4 Nf6 2. c4 d6 3. Nc3 c6 4. e4 Nbd7 5. Nf3 e5 6. Be2 Be7 7. O-O O-O 8. Be3
Re8 9. d5 Qc7 10. Rc1 Nc5 11. Nd2 a5 12. a3 Na6 13. Na4 Nc5 14. Nxc5 dxc5 15.
f3 b6 16. Nb1 Bb7 17. Nc3 Rad8 18. Qb3 Ba6 19. Rfd1 cxd5 20. cxd5 Bxe2 21. Nxe2
Rb8 22. Nc3 Bd6 23. Nb5 Qd7 24. Qc4 Nh5 25. b4 axb4 26. axb4 Bf8 27. d6 Rec8
28. Ra1 cxb4 29. Qxb4 Rb7 30. Qb2 Qe6 31. Rd5 f6 32. Nc7 Qf7 33. Nb5 g5 34. g3
Ng7 35. Rc1 Rxc1+ 36. Qxc1 Qd7 37. Qc4 Kh8 38. Nc7 Ne6 39. Nxe6 Qxe6 40. d7 1-0

[Event "II Festival Grand Hotel Adriatico A"]
[Site "Montesilvano ITA"]
[Date "2013.03.03"]
[Round "4"]
[White "Manfroi, Andrea"]
[Black "Lantini, Marco"]
[WhiteElo "1852"]
[BlackElo "2128"]
[Result "1/2-1/2"]
[PlyCount "59"]
[EventDate "2013.03.01"]

1. e4 c6 2. d4 d5 3. Nc3 dxe4 4. Nxe4 Nd7 5. c3 Ngf6 6. Nxf6+ Nxf6 7. Bf4 Qb6
8. Qc2 g6 9. Bd3 Bg7 10. Nf3 O-O 11. O-O c5 12. dxc5 Qxc5 13. Rfe1 Be6 14. Nd4
Bc4 15. Bxc4 Qxc4 16. Be5 Rfd8 17. Qb3 Qxb3 18. Nxb3 e6 19. Rad1 Rac8 20. f3
Nd5 21. Bxg7 Kxg7 22. g3 b5 23. a3 Rd7 24. Kf2 Rdc7 25. Nd4 a6 26. Rd3 Nb6 27.
Re2 Nc4 28. f4 Rb7 29. Nf3 Kf6 30. Ne5 1/2-1/2

[Event "II Festival Grand Hotel Adriatico A"]
[Site "Montesilvano ITA"]
[Date "2013.03.03"]
[Round "4"]
[White "Napoli, Nicolo'"]
[Black "Lodici, Lorenzo"]
[WhiteElo "2281"]
[BlackElo "2042"]
[Result "1-0"]
[PlyCount "75"]
[EventDate "2013.03.01"]

1. c4 e5 2. g3 c6 3. Bg2 d5 4. cxd5 cxd5 5. d4 e4 6. Nc3 h6 7. Qb3 Nf6 8. Bf4
Nc6 9. Be5 Bb4 10. Bxf6 Qxf6 11. e3 Be6 12. Nge2 O-O 13. O-O Rfd8 14. Nf4 Bxc3
15. Qxc3 g5 16. Nxe6 Qxe6 17. f3 f5 18. Qb3 Na5 19. Qc3 Nc6 20. Kh1 Rac8 21.
fxe4 fxe4 22. Rac1 Ne5 23. Qa5 Nc4 24. Qc3 b6 25. Rfd1 g4 26. Bf1 Ne5 27. Qa3
Nf3 28. Qxa7 h5 29. Ba6 Ra8 30. Qc7 Qf7 31. Qxb6 Rdb8 32. Qc6 Rxa6 33. Qxa6
Nxh2 34. Rf1 Nf3 35. Rc8+ Rxc8 36. Qxc8+ Kh7 37. Rc1 Kg6 38. Rc7 1-0

[Event "II Festival Grand Hotel Adriatico A"]
[Site "Montesilvano ITA"]
[Date "2013.03.03"]
[Round "4"]
[White "Stromboli, Ettore"]
[Black "Cerquitella, Luca"]
[WhiteElo "2324"]
[BlackElo "2294"]
[Result "1-0"]
[PlyCount "146"]
[EventDate "2013.03.01"]

1. e4 e5 2. Nf3 Nc6 3. Bb5 a6 4. Bxc6 dxc6 5. O-O Qd6 6. Na3 Be6 7. Qe2 f6 8.
Rd1 Bg4 9. c3 O-O-O 10. d4 Qe6 11. Nc2 Bd6 12. Ne3 Bxf3 13. Qxf3 exd4 14. cxd4
Re8 15. Qf5 Qxf5 16. Nxf5 Rxe4 17. f3 Re2 18. Kf1 Re8 19. Nxg7 Rd8 20. Nf5 Ne7
21. Nxe7+ Bxe7 22. Be3 Rd5 23. Re1 Bd6 24. Bg1 Kd7 25. Re4 f5 26. Rh4 h5 27. g4
fxg4 28. fxg4 Rf8+ 29. Ke2 hxg4 30. Rxg4 Rh5 31. h4 Re8+ 32. Kd3 Reh8 33. Bf2
Rf5 34. Be3 Rf3 35. Rh1 Rf5 36. Rg5 Ke6 37. Ke4 Rxg5 38. Bxg5 Rh5 39. Rh3 Be7
40. Bxe7 Kxe7 41. Kf4 Kf6 42. Kg4 Kg6 43. Rb3 Rd5 44. Rxb7 Rxd4+ 45. Kg3 Kh5
46. Rxc7 Rc4 47. a3 Rc2 48. Rh7+ Kg6 49. Rb7 c5 50. Kg4 c4 51. Rb6+ Kg7 52. h5
a5 53. Rb5 Kh6 54. a4 Rf2 55. Kg3 Rc2 56. Kf4 Re2 57. Kf3 Rc2 58. Ke4 Rd2 59.
Ke3 Rd3+ 60. Ke2 Rh3 61. Kd2 Kg7 62. Rxa5 Kf6 63. Rc5 Rb3 64. Kc2 Rb4 65. a5
Ra4 66. h6 Kg6 67. Rc6+ Kh7 68. a6 Kh8 69. Kc3 Kh7 70. Rb6 Kh8 71. Kd4 Kh7 72.
Kc5 Kh8 73. Kb5 Ra2 1-0